Los turnos : (Registro nro. 6924)
[ vista simple ]
| 000 -LEADER | |
|---|---|
| fixed length control field | 00690nam a22002297a 4500 |
| 003 - CONTROL NUMBER IDENTIFIER | |
| control field | OSt |
| 005 - DATE AND TIME OF LATEST TRANSACTION | |
| control field | 20201015123131.0 |
| 008 - FIXED-LENGTH DATA ELEMENTS--GENERAL INFORMATION | |
| fixed length control field | 201015s1998 ck ||||gr|||| 00| pdspa d |
| 020 ## - INTERNATIONAL STANDARD BOOK NUMBER | |
| International Standard Book Number | 9589491154 |
| 040 ## - CATALOGING SOURCE | |
| Original cataloging agency | CO-JMCR |
| Transcribing agency | CO-JMCR |
| 041 0# - LANGUAGE CODE | |
| Language code of text/sound track or separate title | spa |
| 082 04 - DEWEY DECIMAL CLASSIFICATION NUMBER | |
| Classification number | P / |
| Item number | CUEt |
| Edition number | 23 |
| 100 1# - MAIN ENTRY--PERSONAL NAME | |
| Personal name | Cueto Álvarez, René, |
| Relator term | autor |
| 9 (RLIN) | 11564 |
| 245 14 - TITLE STATEMENT | |
| Title | Los turnos : |
| Remainder of title | poesía / |
| Statement of responsibility, etc. | René Cueto Álvarez |
| 250 ## - EDITION STATEMENT | |
| Edition statement | Primera edición |
| 260 ## - PUBLICATION, DISTRIBUTION, ETC. | |
| Place of publication, distribution, etc. | Montería : |
| Name of publisher, distributor, etc. | Universidad de Córdoba, |
| Date of publication, distribution, etc. | 1998 |
| 300 ## - PHYSICAL DESCRIPTION | |
| Extent | 83 páginas ; |
| Dimensions | 21 cm. |
| 490 0# - SERIES STATEMENT | |
| Series statement | Serie literatura |
| 500 ## - GENERAL NOTE | |
| General note | Incluye datos biográficos y fotografía del autor. |
| 651 14 - SUBJECT ADDED ENTRY--GEOGRAPHIC NAME | |
| Geographic name | Poesía colombiana |
| Chronological subdivision | Siglo XX |
| 9 (RLIN) | 11565 |
| 942 ## - ADDED ENTRY ELEMENTS (KOHA) | |
| Source of classification or shelving scheme | Dewey Decimal Classification |
| Koha item type | Books |
| Withdrawn status | Lost status | Source of classification or shelving scheme | Damaged status | Not for loan | Collection code | Home library | Current library | Date acquired | Source of acquisition | Total Checkouts | Total Renewals | Full call number | Barcode | Date last seen | Date last checked out | Copy number | Price effective from | Koha item type |
|---|---|---|---|---|---|---|---|---|---|---|---|---|---|---|---|---|---|---|
| Dewey Decimal Classification | Fiction | Biblioteca Pública José María del Castillo y Rada | Biblioteca Pública José María del Castillo y Rada | 04/15/2018 | Donación | 2 | 2 | P / CUEt | 201810074 | 07/16/2025 | 06/18/2025 | Ej.1 | 10/15/2020 | Books |